000 00965nam0a22002651 4500
001 rc\790234
005 20040301143547.0
035 _a(NLR Aleph) 006315536
090 _a7397167
_c7397167
100 _a20040301d1984 u |0rusy50 ca
101 0 _arus
102 _aRU
105 _aa |||||||||
200 1 _aДифтерийная инфекция
_f[Т.Г. Философова, П.С. Мощич, М.Н. Мельник, С.А. Богатырева]
210 _aКиев
_cЗдоров'я
_d1984
215 _a112 с.
_cил.
_d20
225 1 _aБиблиотека практического врача
_iИнфекционные болезни
300 _aАвт. указаны на обороте тит. л.
320 _aБиблиогр.: с. 110-111
701 1 _aФилософова
_bТ. Г.
_gТатьяна Георгиевна
801 0 _aRU
_bNLR
_gpsbo
801 1 _aRU
_bELAR
_2rusmarc
852 _aNLR
_j85-3/983
942 _cBOOK
980 _aNB